LIBRARY & INFORMATION CENTRE, KCAET, TAVANUR

ONLINE PUBLIC ACCESS CATALOGUE (OPAC)

Normal view MARC view
  • Amit, Gupta .

Entry Personal Name

Number of records used in: 1

001 - CONTROL NUMBER

  • control field: 3307

003 - CONTROL NUMBER IDENTIFIER

  • control field: OSt

005 - DATE AND TIME OF LATEST TRANSACTION

  • control field: 20180915104510.0

008 - FIXED-LENGTH DATA ELEMENTS

  • fixed length control field: 180915|| aca||aabn | a|a d

040 ## - CATALOGING SOURCE

  • Original cataloging agency: OSt
  • Transcribing agency: OSt

100 ## - HEADING--PERSONAL NAME

  • Personal name: Amit, Gupta .

670 ## - SOURCE DATA FOUND

  • Source citation: Work cat.: (OSt)9740: Gupta, B L . 3306, Irrigation engineering / , 1995.
free website counter